The ancient Near East.
Uloženo v:
| Další autoři: | |
|---|---|
| Médium: | Kniha |
| Vydáno: |
Princeton, USA:
Princeton University,
1975.
|
| Témata: | |
| Tagy: |
Přidat tag
Žádné tagy, Buďte první, kdo vytvoří štítek k tomuto záznamu!
|
MARC
| LEADER | 00000nam a2200000 a 4500 | ||
|---|---|---|---|
| 001 | UCG6365 | ||
| 003 | CL-VaPUC | ||
| 005 | 20250508154052.0 | ||
| 008 | 250508t1975 ||||| |||| 00| 0 eng d | ||
| 999 | |c 449318 |d 449316 | ||
| 020 | |a 0-691-00209-6 | ||
| 040 | |c Pontificia Universidad Católica de Valparaíso | ||
| 082 | 0 | 4 | |a 930.1 PRI 1975 |
| 100 | 0 | |a Pritchard, James B |e editor |9 556521 | |
| 245 | 1 | 4 | |a The ancient Near East. |
| 260 | |a Princeton, USA: |b Princeton University, |c 1975. | ||
| 300 | |a 2 volúmenes: |b 110 ilustraciones (blanco y negro). | ||
| 500 | |a c.1. Donación libros de R. P Dieter Gustavo Felten (Q.E.P.D) octubre 2024. | ||
| 505 | |a vol. II: A New Anthology of Texts and Pictures. | ||
| 583 | |a last modification |c 20171205 02:53:49 |k Catalogador Asistente | ||
| 650 | 0 | |a Civilización asirio-babilónica |9 265619 |x Arqueología | |
| 650 | 0 | |a Civilización asirio-babilónica |x religión |9 902700 | |
| 650 | 0 | |a Civilización asirio-babilónica |x historia |9 902701 | |
| 942 | |c BK |2 ddc |n 1 | ||
| 952 | |0 0 |1 0 |2 ddc |4 0 |6 930_100000000000000_PRI_1975 |7 0 |8 A |9 602931 |a BIBTEO |b BIBTEO |d 2025-05-08 |e Donación |i 5667480 |o 930.1 PRI 1975 |p 5667480 |r 2025-05-08 |t 1 |w 2025-05-08 |y BK |k ICR | ||